प्रथम प्रेम / (Record no. 12860)
[ view plain ]
| 000 -LEADER | |
|---|---|
| fixed length control field | 03337 a2200337 4500 |
| 005 - DATE AND TIME OF LATEST TRANSACTION | |
| control field | 20080926104323.0 |
| 008 - FIXED-LENGTH DATA ELEMENTS--GENERAL INFORMATION | |
| fixed length control field | 080926t xxu||||| |||| 00| f hin d |
| 010 ## - LCCN (DPL NO) | |
| LC control number | HIN-84201 B-297691-694 |
| 020 ## - INTERNATIONAL STANDARD BOOK NUMBER | |
| Terms of availability | 100.00 |
| International Standard Book Number | 8190159348 |
| 035 ## - SYSTEM CONTROL NUMBER | |
| System control number | HN-56547 |
| 035 ## - SYSTEM CONTROL NUMBER | |
| System control number | B-297691-694 |
| 037 ## - SOURCE OF ACQUISITION | |
| Source of stock number/acquisition | DBAD / PUB |
| 040 ## - CATALOGING SOURCE | |
| Original cataloging agency | DPL |
| Language of cataloging | HN |
| 082 ## - DEWEY DECIMAL CLASSIFICATION NUMBER | |
| Classification number | उ |
| 100 ## - MAIN ENTRY--PERSONAL NAME | |
| Personal name | तुर्गेनेव, इवान |
| 245 ## - TITLE STATEMENT | |
| Title | प्रथम प्रेम / |
| Statement of responsibility, etc | इवान तुर्गेनेव ; मधु पंडया द्वारा रूपांतरित |
| 246 ## - VARYING FORM OF TITLE | |
| Title proper/short title | Prathama prema |
| Remainder of title | by Ivan Turgnev |
| 260 ## - PUBLICATION, DISTRIBUTION, ETC. (IMPRINT) | |
| Place of publication, distribution, etc | दिल्ली |
| Name of publisher, distributor, etc | राष्ट्रीय कला साहित्य एवं संस्कृति संस्थान |
| Date of publication, distribution, etc | 2005 2006 |
| 270 ## - ADDRESS | |
| Address | 30/35बी, गली नं.9, विश्वास नगर ,शाहदरा |
| City | दिल्ली |
| State or province | दिल्ली |
| Postal code | 110032 |
| 300 ## - PHYSICAL DESCRIPTION | |
| Extent | 103पृ, |
| Dimensions | 22 सेमी (सजिल्द) |
| 500 ## - GENERAL NOTE | |
| General note | रूसी उपन्यास इवान तुगर्नेव के विश्व प्रसिद्ध उपन्यास प्रथम प्रेम का हिन्दी रूपान्तरण |
| 650 ## - SUBJECT ADDED ENTRY--TOPICAL TERM | |
| Topical term or geographic name as entry element | रूसी कथा साहित्य |
| General subdivision | हिन्दी में अनुदित |
| 650 ## - SUBJECT ADDED ENTRY--TOPICAL TERM | |
| Topical term or geographic name as entry element | Russian fiction |
| General subdivision | Translations into Hindi |
| 942 ## - ADDED ENTRY ELEMENTS (KOHA) | |
| Institution code [OBSOLETE] | dpl |
| Item type | Hindi Books |
| Call number prefix | तुर्गेने |
| Source of classification or shelving scheme | Dewey Decimal Classification |
| Classification part | उ |
| Call number suffix | तुर्गेने |
| Withdrawn status | Lost status | Source of classification or shelving scheme | Damaged status | Not for loan | Collection code | Home library | Current library | Date acquired | Cost, normal purchase price | Total Checkouts | Full call number | Barcode | Date last seen | Copy number | Cost, replacement price | Koha item type | Source of acquisition | Total Renewals |
|---|---|---|---|---|---|---|---|---|---|---|---|---|---|---|---|---|---|---|
| Dewey Decimal Classification | Fiction | Central Library | Central Library | 19/05/2009 | 100.00 | उ तुर्गेने | B-297691 | 19/05/2009 | 1 | 100.00 | Hindi Books | राष्ट्रीय कला साहित्य एवं संस्कृति संस्थान/1035/22.9.08/424/4.9.08/1.10.08 | ||||||
| Dewey Decimal Classification | Not For Loan | Fiction | D.B.Act.Division | D.B.Act.Division | 26/09/2008 | 100.00 | उ तुर्गेने | HN-56547 | 26/09/2008 | 1 | 100.00 | Hindi Books | ||||||
| Dewey Decimal Classification | Fiction | Karol Bagh | Karol Bagh | 19/05/2009 | 100.00 | उ तुर्गेने | B-297693 | 19/05/2009 | 1 | 100.00 | Hindi Books | राष्ट्रीय कला साहित्य एवं संस्कृति संस्थान/1035/22.9.08/424/4.9.08/1.10.08 | ||||||
| Dewey Decimal Classification | Fiction | Patel Nagar | Patel Nagar | 19/05/2009 | 100.00 | उ तुर्गेने | B-297692 | 19/05/2009 | 1 | 100.00 | Hindi Books | राष्ट्रीय कला साहित्य एवं संस्कृति संस्थान/1035/22.9.08/424/4.9.08/1.10.08 | ||||||
| Dewey Decimal Classification | Fiction | Shahdara Branch | Shahdara Branch | 19/05/2009 | 100.00 | 5 | उ तुर्गेने | B-297694 | 14/11/2023 | 1 | 100.00 | Hindi Books | राष्ट्रीय कला साहित्य एवं संस्कृति संस्थान/1035/22.9.08/424/4.9.08/1.10.08 | 4 |
